Héroes de la nación, apóstoles de la república : vidas de nacionalistas catalanes /

Bibliographic Details
Main Author: Duarte, Angel, 1957- (Author)
Format: Electronic eBook
Language:Spanish
Published: [Barcelona, Spain] : El Viejo Topo, [2014]
Subjects:
Online Access:Digitalia Hispánica

MARC

LEADER 00000nam a2200000Ii 4500
001 DIGVIETO208
003 NyNyDIG
007 cr |||||||||||
008 211126s2014 sp ob 000 0 spa d
006 m o d
035 |a (OCoLC)1287825762 
040 |a DGITA  |b eng  |e rda  |e pn  |c DGITA 
020 |z 9788494263828 
043 |a e-sp--- 
050 1 4 |a DP302.C58 ebook 
100 1 |a Duarte, Angel,  |d 1957-  |e author. 
245 1 0 |a Héroes de la nación, apóstoles de la república :  |b vidas de nacionalistas catalanes /  |c Àngel Duarte. 
264 1 |a [Barcelona, Spain] :  |b El Viejo Topo,  |c [2014] 
300 |a 1 online resource. 
336 |a text  |b txt  |2 rdacontent 
337 |a computer  |b c  |2 rdamedia 
338 |a online resource  |b cr  |2 rdacarrier 
347 |a text file  |2 rdaft 
347 |b PDF 
504 |a Includes bibliographical references. 
588 0 |a Online resource; title from PDF title page (Digitalia, viewed November 26, 2021) 
650 0 |a Nationalists  |z Spain  |z Catalonia  |v Biography. 
651 0 |a Catalonia (Spain)  |x Politics and government  |y 20th century. 
650 0 |a Nationalism  |z Spain  |z Catalonia  |x History  |y 20th century. 
655 0 |a Electronic books. 
791 2 |a Digitalia (Firm),  |e distributor. 
793 0 |g Digitalia eBook Collection:  |a El Viejo Topo 
776 0 8 |i Print version:  |a Duarte, Angel, 1957-  |t Héroes de la nación, apóstoles de la república.  |d [Barcelona, Spain] : El Viejo Topo, [2014]  |z 9788494263828 
856 4 0 |3 Digitalia Hispánica  |u https://www.digitaliapublishing.com/a/57703/ 
910 |a Premium collection: 2021